00849nam a2200241Ia 4500001000600000003000900006008004100015040001300056040001300069041001300082100001800095100002900113245002400142245005700166250001100223260001400234260001200248260004900260300005900309500019400368650001400562650003100576A4830IT-RoPAU130308s9999 xx 000 0 und d aIT-RoPAU cIT-RoPAU aITALIANO aMarconi Diego gCodice Aut. SPICS: 21095 aSemantica cognitiva bIntroduzione Alla Filosofia Analitica del Linguaggio a1a ed. aROMA/BARI bLaterza c1992 [1° Ed.:1992 - Ed.Ling.Originale:1992] a"52 p. (prefazione: no ; testo: 52 [pagine: 431-482])" aSemantica Come Teoria della Comprensione. Critiche Classiche al Mentalismo. teorie Semantiche di Orientamento Cognitivo. fino a che Punto è Cognitiva la Semantica Cognitiva? Bibliografia. aSEMANTICA eCodice materia Spics: 3301